03352nmm a22002057a 4500003000400000005001700004008004100021020001800062040000700080245007500087260004300162300001900205310001400224362001800238500270800256650002002964650001702984700003903001856010603040OSt20240417122301.0191018e xxu|||||o||d| 00| 0 spa d a9789873007842 cPJ10aRevista Laboral :bremuneraciones - III /cMario E. Ackerman director. aSanta Fé :bRubinzal Culzoni,c2017. a760 p.c22 cm. asemestral aNo. 1 (2017)  aLa efectividad del principio de igualdad de remuneración por un trabajo de igual valor, por César Arese; El salario psicológico y la dignidad del trabajador, por Carlos Alberto Livellara; El salario como referencia en el cálculo de la indemnización tarifada. Los topes en la base de cálculo, por Jorge Rodríguez Mancini; El nuevo artículo 12 de la Ley de Riesgos del Trabajo, por Mario E. Ackerman; El importante papel jugado por el ingreso base mensual del artículo 12 de la ley 24.557 en la insuficiencia de las prestaciones dinerarias en el régimen originario, por Miguel A. Maza; Alcance del concepto de salario y el tratamiento de los beneficios sociales en la Corte Suprema de Justicia de la Nación, por Pablo Fernando Frassia; Alcance del concepto de salario y el tratamiento de los beneficios sociales en la justicia de Santa Fe. Vigencia y jurisprudencia del artículo 103 bis de la Ley de Contrato de Trabajo, por María Victoria Acosta; Salario, beneficios sociales, costos e intereses en la Provincia de Mendoza, por María Laura Elmelaj; El alcance del concepto de salario y el tratamiento de los beneficios sociales en la Cámara Nacional de Apelaciones del Trabajo, por Ricardo Francisco Seco; Alcance del concepto de salario y el tratamiento de los beneficios sociales en la justicia de Córdoba, por Alicia Ulla de Torresan y Carlos Alberto Toselli; La remuneración variable en la jurisprudencia, por Laura Matilde D?Arruda y Oscar Zas; El reconocimiento del carácter salarial de prestaciones provistas por el empleador y las multas por incorrecta registración, por Diego M. Tosca; Algunas consideraciones sobre las sumas no remunerativas, la autonomía colectiva y el orden público laboral, por Diego Fernando Manauta; Aportes a la solución de conflictos en materia salarial (el uso del automóvil, la cochera y el celular), por Horacio Las Heras; El concepto de remuneración en el nuevo contrato de agencia. Diferencias y similitudes con el salario del viajante de comercio, por Silvia E. Pinto Varela; Algunas notas sobre la remuneración en el empleo público, por Daniela Favier; El impuesto a las ganancias, el salario y la extinción del contrato de trabajo, por María Sol Loredo; Las remuneraciones del peón de campo en la ley 26.727, por Horacio Maiztegui Martinez; La tutela del crédito laboral. Novedades legislativas y proyecto en trámite parlamentario, por Manuel Raúl Monsalvo; Salario laboral y salario previsional. Reflexiones sobre lo mismo y lo distinto, por Guido Seren Novoa y Lucas Caparrós. Jurisprudencia Sumarios y sistematización de fallos, por María Isabel Sforsini y Diego Guirado.  0aDERECHO LABORAL 0aREMUNERACION aAckermann, Mario Eduardoedirector uhttps://www.rubinzal.com.ar/revistas/revista-de-derecho-laboral/5/?menupc=1yRevista Derecho Laboral